[Event "GER-ch U12 Girls"]
[Site "Willingen"]
[Date "2019.06.14"]
[Round "8"]
[White "Haarmann, Belanna"]
[Black "Mueller, Eva"]
[Result "1/2-1/2"]
[WhiteElo "1065"]
[BlackElo "1031"]
[PlyCount "70"]
[EventDate "2019.06.08"]
[EventType "swiss"]
[EventRounds "9"]
[EventCountry "GER"]
[SourceTitle "CBM 191 Extra"]
[Source "ChessBase"]
[SourceDate "2019.09.30"]
[SourceVersion "1"]
[SourceVersionDate "2019.09.30"]
[SourceQuality "1"]

1. e4 e5 2. Nf3 Nc6 3. Bc4 Bc5 4. d3 Nf6 5. Nc3 d6 6. Bg5 Be6 7. Bxe6 fxe6 8. Qd2 Qd7 9. Bxf6 gxf6 10. Qh6 Rf8 11. Qh5+ Rf7 12. a3 0-0-0 13. b4 Bd4 14. Nxd4 Nxd4 15. a4 Nxc2+ 16. Ke2 Nxa1 17. Rxa1 Kb8 18. b5 c6 19. bxc6 Qxc6 20. Qxf7 Qxc3 21. Re1 Qc2+ 22. Kf1 Qxd3+ 23. Kg1 Qd2 24. Rf1 Qh6 25. Rb1 b6 26. Qxe6 Rc8 27. Qxd6+ Kb7 28. Qd7+ Rc7 29. Qd5+ Kb8 30. Qd6 Kc8 31. Qe6+ Kb8 32. Qg8+ Kb7 33. Qd5+ Kb8 34. Qd8+ Kb7 35. Qd5+ Kc8 1/2-1/2